Normal view
MARC view
- Krishnakumar, p
Entry Personal Name
001 - CONTROL NUMBER
- control field: 1997
003 - CONTROL NUMBER IDENTIFIER
- control field: OSt
005 - DATE AND TIME OF LATEST TRANSACTION
- control field: 20170324120830.0
008 - FIXED-LENGTH DATA ELEMENTS
- fixed length control field: 170324|| aca||aabn | a|a d
040 ## - CATALOGING SOURCE
- Original cataloging agency: OSt
- Transcribing agency: OSt
100 ## - HEADING--PERSONAL NAME
- Personal name: Krishnakumar, p
670 ## - SOURCE DATA FOUND
- Source citation: Work cat.: (OSt): Pandiselvam,R 1995, Objective question bank in agricultural process engineering (food engineering), 2016
